Представление документа в формате RUSMARC

ПолеНазваниеЗначение
  Тип записи a
  Библиографический уровень m
001 Контрольный номер ddd5055be8c549eca79af24be171adb5
005 Дата корректировки 20140602111031.1
010 Индекс ISBN __
a ISBN 978-3-7089-0108-4
010 Индекс ISBN __
a ISBN 978-966-8324-62-8
101 Язык документа 0_
a Язык текста rus
102 Страна публикации __
a Страна публикации RU
200 Заглавие и сведения об ответственности 1_
a Заглавие Предпринимательская ориентация в организации. Внутреннее предпринимательство. Кн. 6
e Сведения, относящиеся к заглавию пер. с нем.
f Первые сведения об ответственности М. Эбнер [и др.]
210 Выходные данные 1_
c Издательство Гуманитарный Центр
a Место издания Харьков
d Дата издания 2010
215 Физическое описание __
a Объем 283, [1] с.
225 Серия 2_
a Серия Психология труда и организационная психология
610 Ключевые слова 0_
a Ключевые слова внутреннее предпринимательство
610 Ключевые слова 0_
a Ключевые слова организация
610 Ключевые слова 0_
a Ключевые слова психология труда
610 Ключевые слова 0_
a Ключевые слова организационная психология
610 Ключевые слова 0_
a Ключевые слова профессиональная подготовка
610 Ключевые слова 0_
a Ключевые слова исследование
610 Ключевые слова 0_
a Ключевые слова планирование
610 Ключевые слова 0_
a Ключевые слова сбор данных
610 Ключевые слова 0_
a Ключевые слова дескриптивный анализ
610 Ключевые слова 0_
a Ключевые слова школьное образование
610 Ключевые слова 0_
a Ключевые слова профессия
610 Ключевые слова 0_
a Ключевые слова процесс обучения
610 Ключевые слова 0_
a Ключевые слова качество рабочей жизни
610 Ключевые слова 0_
a Ключевые слова профучилища
610 Ключевые слова 0_
a Ключевые слова рабочая модель
686 Индексы других классификаций __
a Классификационный индекс 65.9(2)09
2 Код системы rubbk
701 Альтернативная интеллектуальная ответственность _1
a Фамилия Эбнер
b Имя М.
g Полное личное имя Маркус
701 Альтернативная интеллектуальная ответственность _1
a Фамилия Франк
b Имя Г.
g Полное личное имя Герман
701 Альтернативная интеллектуальная ответственность _1
a Фамилия Корунка
b Имя К.
g Полное личное имя Кристиан
701 Альтернативная интеллектуальная ответственность _1
a Фамилия Люгер
b Имя М.
g Полное личное имя Манфред
801 Источник записи _0
a Страна RU
b Организация РУК
c Дата составления 20111219
g Правила каталогизации PSBO
801 Источник записи _1
a Страна RU
b Организация РУК
c Дата составления 20111219
g Правила каталогизации PSBO
852 Данные о местонахождении __
i Авторский знак П 71
j Шифр хранения ББК 65.9(2)09
901 Тип документа __
t Тип документа m
938 Служебная информация __
a Название организации Головной вуз
b Имя БД BOOK
c Название АИБС АИБС ИРБИС